Top Deadliest Animals to Humans - Statistics

General Stats
  • This quiz has been taken 44 times
  • The average score is 7 of 11
Answer Stats
Fatalities % Correct
11 10
97%
10 12
84%
6 79
79%
1 562
71%
2 ~500 (est)
66%
7 26
61%
3 420
58%
4 274
53%
8 26
45%
5 116
34%
9 15
24%
No matching quizzes found
Score Distribution
Percent of People with Each Score
Percentile by Number Answered
Your Score History
You have not taken this quiz